Tribhuvan University Central Library
Normal view MARC view
  • Teune, Henry

Entry Personal Name

Number of records used in: 1

001 - CONTROL NUMBER

  • control field: 2326

003 - CONTROL NUMBER IDENTIFIER

  • control field: OSt

005 - DATE AND TIME OF LATEST TRANSACTION

  • control field: 20101201124524.0

008 - FIXED-LENGTH DATA ELEMENTS

  • fixed length control field: 101201|||a|||||| | ||| d

040 ## - CATALOGING SOURCE

  • Original cataloging agency: OSt
  • Transcribing agency: OSt

100 ## - HEADING--PERSONAL NAME

  • Personal name: Teune, Henry

670 ## - SOURCE DATA FOUND

  • Source citation: Work cat.: (OSt): Teune, Henry, Growth /, c1988.

670 ## - SOURCE DATA FOUND

  • Source citation: Work cat.: (OSt): Teune, Henry, Growth /, c1988.